Convenio para la recíproca extradición de malhechores entre España y Sajonia, firmado en Dresde el 8 de Enero de 1866 y en Berlin el 20 del mismo mes y año. (Record no. 42506)

MARC details
000 -LEADER
campo de control de longitud fija 00558nam a2200157 i 4500
001 - NÚMERO DE CONTROL
campo de control 42506
003 - IDENTIFICADOR DE NÚMERO DE CONTROL
campo de control ES-MaACL
007 - CAMPO FIJO DE DESCRIPCIÓN FÍSICA--INFORMACIÓN GENERAL
campo de control de longitud fija t|
008 - DATOS DE LONGITUD FIJA--INFORMACIÓN GENERAL
campo de control de longitud fija 030402s1866 sp ||||1| spa d
245 00 - MENCIÓN DEL TÍTULO
Título Convenio para la recíproca extradición de malhechores entre España y Sajonia, firmado en Dresde el 8 de Enero de 1866 y en Berlin el 20 del mismo mes y año.
260 ## - PUBLICACIÓN, DISTRIBUCIÓN, ETC.
Lugar de publicación, distribución, etc. [S.l. :
Nombre del editor, distribuidor, etc. s.n.,
Fecha de publicación, distribución, etc. 1870]
300 ## - DESCRIPCIÓN FÍSICA
Extensión 6 p. ;
Dimensiones 27 cm.
500 ## - NOTA GENERAL
Nota general Ejemplar sin port., datos tomados de la p. 1.
500 ## - NOTA GENERAL
Nota general Texto en castellano y francés.
852 ## - LOCALIZACIÓN
Ubicación ES-MaACL
Número de control de estantería T-500-F-28
Holdings
Estatus retirado Estado de pérdida Estado de daño No para préstamo Colección Biblioteca de origen Biblioteca actual Ubicación en estantería Fecha de adquisición Fuente de adquisición Total de préstamos Signatura topográfica completa Código de barras Visto por última vez Precio de reemplazo Tipo de ítem Koha
        Colección de folletos Biblioteca del Ateneo de Madrid Biblioteca del Ateneo de Madrid Depósito folletos 17/01/2008     T-500-F-28 1044746 23/02/2023 23/02/2023 Folleto